000 00779nam a2200229Ii 4500
003 JO-AjNU
008 230605s9999||||xx |||||||||||||| ||und||
017 _a2006/5/1280
020 _a9957-05-140-7
040 _aJO-AjNU
_bara
_erda
_cJO-AjNU
041 _aara
050 1 4 _aBP80.Q8.A93.2006
100 3 _aالعظم،يوسف,
_eauthor
_923384
245 0 0 _aرائد الفكر الإسلامي المعاصر الشهيد سيد قطب:حياته ومدرسته وآثاره
250 _aط1
264 3 1 _aعمان:دار الضياء للنشر والتوزيع ،2006
300 _a420ص
336 _atext
_btxt
_2rdacontent
337 _aunmediated
_bn
_2rdamedia
338 _avolume
_bnc
_2rdacarrier
650 4 _aالاسلام-تراجم-سيد قطب
_923385
999 _aA8451
_c12019
_d12019